000
00270nam a22001097a 4500
082
_a
621.3192 STR'C
100
_a
STRETTON, D. I. P,HARTLEY, A. W
_9
78247
245
_a
COLLECTED BASIC CIRCUITS
260
_a
NEWYORK
_b
HOWARD W. SAMS
_c
1970
300
_a
176P
942
_c
BK
999
_c
583398
_d
583398